=LDR 00000nam 2200000 4500 =001 INLIS000000000006039 =005 20231214110324 =035 ##$$a 0010-061300000006039 =008 231214###########################0###### =041 ##$$a Ind =082 ##$$a 150.192 =090 ##$$a 153.9 Azw p =100 ##$$a Brouwer, MAW =245 1#$$a Psikologi Fenomenaologis/MAW. Brouners =260 ##$$a 1992 :$b Jakarta =300 ##$$a 203 hlm. ; 21 cm =650 #4$$a Psikologi-Fenomenologis =850 ##$$a NBPNMAT =084 ##$$a 150.192 BRO p =990 ##$$a DW00020.699